000 01090nam a22003137a 4500
001 47
003 OSt
005 20250207102558.0
008 250122b |||||||e |||| 00| 0 eng d
020 _a8510321108
040 _bpor
041 _heng
_apor
082 _a920
_bB421u
100 _aBehr, Edward
_d1926-2007
_9137
240 _aThe Last Emperor
245 _aO ultimo imperador /
_cBehr, Edward ; Tradução de Luis Carlos do Nascimento Silva
250 _a2° edição
260 _aRio de Janeiro
_bRecord
_c1987
300 _a281 p.
520 _aDesengonçado, míope, assutadiço e irremediavelmente distraído. Um anti-herói moderno, dotado porém de grande resistência, determinação e sagacidade. Ele foi o último imperador da China. O livro que deu origem ao grande filme de Bernardo Bertolucci.
650 0 _aLiteratura Inglesa
_989
650 0 _aFatos Reais
_933
650 0 _aHistórico
_953
650 0 _aPolitica
_9138
650 0 _aFilme
_926
655 0 _aBiografia
_936
700 _aLuis Carlos do Nascimento Silva
_eTradutor
_9139
942 _2ddc
_n0
_cBK
999 _c47
_d47